[Event "X GRAN TORNEO INTERNACIONAL AFICIONADOS S-2300 "]
[Site "Benidorm (Alicante - SPAIN)"]
[Date "2011.12.02"]
[Round "1"]
[Board "1"]
[White "Perez Aleman, Pedro Tomas"]
[Black "Moreno Gracia, Daniel"]
[Result "0-1"]
[WhiteElo "2119"]
[BlackElo "2298"]
[PlyCount "106"]
[EventDate "2011.12.02"]
[EventRounds "10"]
[EventCountry "ESP"]

1. e4 c5 2. Nf3 d6 3. d4 Nf6 4. Nc3 cxd4 5. Nxd4 a6 6. h3 e5 7. Nde2 h5 8. Bg5
Be6 9. f4 Be7 10. fxe5 dxe5 11. Qxd8+ Bxd8 12. O-O-O Nbd7 13. Ng3 g6 14. Bd3
Rc8 15. Rhf1 O-O 16. Rf3 Kg7 17. Rdf1 Nh7 18. Bxd8 Rfxd8 19. Rd1 Nc5 20. Kb1
Rc7 21. Rf2 Rcd7 22. Rfd2 h4 23. Nf1 Ng5 24. b4 Nxd3 25. Rxd3 Rd4 26. a3 Bc4
27. Rxd4 exd4 28. Ne3 dxe3 29. Rxd8 e2 30. Nxe2 Bxe2 31. e5 Bf1 32. Rd4 Bxg2
33. Rxh4 Bxh3 34. a4 Bd7 35. a5 Nf3 36. Rh1 Nxe5 37. Kb2 g5 38. Kc3 Bc6 39. Rb1
f5 40. Kd4 Nf3+ 41. Kc5 g4 42. c4 g3 43. b5 Be4 44. Rd1 g2 45. bxa6 bxa6 46.
Kb6 g1=Q+ 47. Rxg1+ Nxg1 48. c5 f4 49. c6 f3 50. Kxa6 f2 51. Kb6 f1=Q 52. Kb7
Qf6 53. Kb6 Qe7 0-1

[Event "X GRAN TORNEO INTERNACIONAL AFICIONADOS S-2300 "]
[Site "Benidorm (Alicante - SPAIN)"]
[Date "2011.12.02"]
[Round "1"]
[Board "1"]
[White "Navarro, Ortiz De Ortuno Borja"]
[Black "Garcia Ramos, Marcos"]
[Result "1-0"]
[WhiteElo "2296"]
[BlackElo "2118"]
[PlyCount "91"]
[EventDate "2011.12.02"]
[EventRounds "10"]
[EventCountry "ESP"]

1. d4 Nf6 2. c4 g6 3. Nf3 Bg7 4. g3 O-O 5. Bg2 d6 6. O-O Nc6 7. Nc3 a6 8. Re1
Rb8 9. Rb1 Re8 10. b4 e5 11. d5 Nd4 12. Bb2 Bf5 13. Rc1 Nxf3+ 14. exf3 h5 15.
Ne4 Nxe4 16. fxe4 Bd7 17. c5 h4 18. Qb3 f5 19. exf5 Bxf5 20. Rc4 hxg3 21. hxg3
Rf8 22. Bc1 Rf7 23. Be3 Qf8 24. Rec1 Bh6 25. cxd6 cxd6 26. Rc7 Bxe3 27. Qxe3
Rc8 28. Rxc8 Bxc8 29. Qb6 Kg7 30. Rc7 Rxc7 31. Qxc7+ Kf6 32. Qb8 Ke7 33. Be4 g5
34. Qc7+ Kf6 35. a4 g4 36. b5 axb5 37. axb5 Kg5 38. Qh7 Kf6 39. b6 Qg7 40. Qh4+
Kf7 41. Qd8 Qf8 42. Qc7+ Kf6 43. Bd3 Kg5 44. Bb5 Qf3 45. Qxc8 Qd1+ 46. Bf1 1-0

[Event "X GRAN TORNEO INTERNACIONAL AFICIONADOS S-2300 "]
[Site "Benidorm (Alicante - SPAIN)"]
[Date "2011.12.02"]
[Round "1"]
[Board "1"]
[White "Megias Chafer, Alejandro"]
[Black "Fos Santacreu, Juan Andres"]
[Result "1-0"]
[WhiteElo "2117"]
[BlackElo "2293"]
[PlyCount "109"]
[EventDate "2011.12.02"]
[EventRounds "10"]
[EventCountry "ESP"]

1. e4 c6 2. d4 d5 3. Nd2 dxe4 4. Nxe4 Nf6 5. Nxf6+ exf6 6. Nf3 Bd6 7. Bd3 O-O
8. O-O Bg4 9. Re1 Nd7 10. h3 Bh5 11. c3 Qc7 12. Qc2 Bxf3 13. gxf3 g6 14. Bh6
Rfe8 15. Qd2 Bf8 16. Bf4 Bd6 17. Bh6 Nf8 18. Rxe8 Rxe8 19. Re1 Rxe1+ 20. Qxe1
Ne6 21. Bc4 Qd7 22. Qe4 Bf8 23. Be3 Ng7 24. d5 c5 25. Bf1 Bd6 26. a3 Nf5 27. b4
cxb4 28. axb4 b6 29. Bd2 a5 30. bxa5 bxa5 31. c4 a4 32. Bc3 Qe7 33. Qxe7 Bxe7
34. Bd3 Nh4 35. f4 a3 36. Bb1 Kg7 37. Kf1 Bd6 38. Ke2 Ng2 39. f5 Nf4+ 40. Ke3
g5 41. Bd4 Be7 42. Ba2 Kf8 43. c5 Ke8 44. d6 Bf8 45. Bxf6 h6 46. Be5 Kd7 47.
Bxf4 gxf4+ 48. Kd4 Kc6 49. f6 h5 50. Bd5+ Kd7 51. Bxf7 Kc6 52. Ba2 Bh6 53. Ke5
f3 54. Ke6 Bf8 55. Bd5+ 1-0

[Event "X GRAN TORNEO INTERNACIONAL AFICIONADOS S-2300 "]
[Site "Benidorm (Alicante - SPAIN)"]
[Date "2011.12.02"]
[Round "1"]
[Board "1"]
[White "Voiteanu, Gabriel"]
[Black "Plaza Pardo, Daniel"]
[Result "1-0"]
[WhiteElo "2293"]
[BlackElo "2117"]
[PlyCount "93"]
[EventDate "2011.12.02"]
[EventRounds "10"]
[EventCountry "ESP"]

1. d4 d5 2. Nf3 Nf6 3. g3 g6 4. Bg2 Bg7 5. O-O O-O 6. c4 c6 7. Qb3 a6 8. a4
Nbd7 9. Nc3 e6 10. a5 Re8 11. Rd1 Qe7 12. Bg5 h6 13. Bxf6 Nxf6 14. Ne5 Nd7 15.
Nxd7 Bxd7 16. e4 dxc4 17. Qxc4 e5 18. d5 Rad8 19. Qb3 Bg4 20. Rdc1 Bc8 21. Bf1
Qf6 22. Qb6 Rd6 23. Qb3 Bf8 24. Na4 Rdd8 25. Nb6 Bg4 26. dxc6 bxc6 27. Qc3 Re6
28. Bxa6 Red6 29. Nc4 Rd4 30. Ne3 Bf3 31. Nf5 Bxe4 32. Nxd4 exd4 33. Qb3 d3 34.
Qd1 Qf3 35. Qxf3 Bxf3 36. Rc3 d2 37. Rxf3 d1=Q+ 38. Rxd1 Rxd1+ 39. Kg2 Bb4 40.
Bc4 Rd7 41. a6 Kg7 42. Rxf7+ Rxf7 43. Bxf7 Bc5 44. Be8 g5 45. f4 Kf6 46. Kf3
gxf4 47. Kxf4 1-0

[Event "X GRAN TORNEO INTERNACIONAL AFICIONADOS S-2300 "]
[Site "Benidorm (Alicante - SPAIN)"]
[Date "2011.12.02"]
[Round "1"]
[Board "1"]
[White "Acebal Muniz, Antonio"]
[Black "Jovic, Stevan"]
[Result "1-0"]
[WhiteElo "2113"]
[BlackElo "2293"]
[PlyCount "22"]
[EventDate "2011.12.02"]
[EventRounds "10"]
[EventCountry "ESP"]

1. Nf3 d5 2. d4 c6 3. c4 dxc4 4. a4 b5 5. e3 Qb6 6. axb5 cxb5 7. b3 cxb3 8.
Qxb3 b4 9. Qd5 Bb7 10. Qb5+ Nc6 11. Ne5 Qc7 1-0

[Event "X GRAN TORNEO INTERNACIONAL AFICIONADOS S-2300 "]
[Site "Benidorm (Alicante - SPAIN)"]
[Date "2011.12.02"]
[Round "1"]
[Board "1"]
[White "Castellanos Bogalo, Antonio"]
[Black "Lillo Castay, Victor"]
[Result "0-1"]
[WhiteElo "2111"]
[BlackElo "2289"]
[PlyCount "59"]
[EventDate "2011.12.02"]
[EventRounds "10"]
[EventCountry "ESP"]

1. e4 e5 2. Nf3 Nc6 3. Nc3 Nf6 4. a3 g6 5. d4 exd4 6. Nxd4 Bg7 7. Be3 O-O 8.
Be2 Re8 9. Nxc6 bxc6 10. Bf3 Nxe4 11. Nxe4 f5 12. Ng5 Qxg5 13. O-O Qe7 14. Qd3
Qf7 15. Rab1 a5 16. Rfd1 a4 17. Qd2 Rb8 18. Bd4 Ba6 19. Bxg7 Qxg7 20. Qa5 Bb5
21. Qxc7 d5 22. Qxg7+ Kxg7 23. Re1 Rxe1+ 24. Rxe1 Bc4 25. b4 axb3 26. cxb3 Rxb3
27. Ra1 Kf6 28. a4 Ke5 29. a5 c5 30. g4 0-1

[Event "X GRAN TORNEO INTERNACIONAL AFICIONADOS S-2300 "]
[Site "Benidorm (Alicante - SPAIN)"]
[Date "2011.12.02"]
[Round "1"]
[Board "1"]
[White "Z-Gomez Jurado, Luis Alberto"]
[Black "Diaz Velandia, Jose Manuel"]
[Result "1-0"]
[WhiteElo "2288"]
[BlackElo "2111"]
[PlyCount "49"]
[EventDate "2011.12.02"]
[EventRounds "10"]
[EventCountry "ESP"]

1. c4 Nf6 2. g3 e5 3. Bg2 Nc6 4. Nc3 Bb4 5. Nd5 Nxd5 6. cxd5 Ne7 7. Nf3 e4 8.
Nd4 f5 9. Qa4 a5 10. a3 b5 11. Nxb5 Bc5 12. d4 Bd6 13. f3 exf3 14. Bxf3 Bb7 15.
O-O O-O 16. Nxd6 cxd6 17. Qb3 Qc7 18. Bf4 a4 19. Qb4 Ra6 20. Rac1 Qb6 21. Qxd6
Qd8 22. Qc7 Rb6 23. Qxd8 Rxd8 24. Bc7 Ra8 25. Bxb6 1-0

[Event "X GRAN TORNEO INTERNACIONAL AFICIONADOS S-2300 "]
[Site "Benidorm (Alicante - SPAIN)"]
[Date "2011.12.02"]
[Round "1"]
[Board "1"]
[White "Navarrete Espi, Samuel"]
[Black "Sanchez Jerez, Emilio Miguel"]
[Result "1-0"]
[WhiteElo "2107"]
[BlackElo "2288"]
[PlyCount "62"]
[EventDate "2011.12.02"]
[EventRounds "10"]
[EventCountry "ESP"]

1. e4 c5 2. Nf3 Nc6 3. d4 cxd4 4. Nxd4 Nf6 5. Nc3 e5 6. Ndb5 d6 7. Bg5 a6 8.
Na3 Be6 9. Nc4 Rc8 10. Bxf6 Qxf6 11. Nb6 Rb8 12. Ncd5 Qg6 13. Qd3 Be7 14. Nc7+
Kd8 15. Nbd5 f5 16. O-O-O fxe4 17. Qc3 Bxd5 18. Nxd5 Rc8 19. Nb6 Rc7 20. Nd5
Rc8 21. Nb6 Rc7 22. Nd5 Rf8 23. Nxc7 Kxc7 24. f3 exf3 25. gxf3 Qf7 26. Kb1 Qxf3
27. Bd3 Qh3 28. Qc4 Rf4 29. Qg8 g6 30. Bc4 Qh6 31. Qd5 Rf8 {Irreproducible} 1-0

[Event "X GRAN TORNEO INTERNACIONAL AFICIONADOS S-2300 "]
[Site "Benidorm (Alicante - SPAIN)"]
[Date "2011.12.02"]
[Round "1"]
[Board "1"]
[White "Rogac, Srdjan"]
[Black "Martinez Lopez, Jaime"]
[Result "1-0"]
[WhiteElo "2287"]
[BlackElo "2105"]
[PlyCount "77"]
[EventDate "2011.12.02"]
[EventRounds "10"]
[EventCountry "ESP"]

1. e4 e6 2. d4 d5 3. e5 c5 4. c3 Qb6 5. Nf3 Bd7 6. Be2 Bb5 7. c4 Bxc4 8. Bxc4
dxc4 9. d5 Ne7 10. d6 Nd5 11. O-O Nd7 12. Qe2 h6 13. Rd1 Qc6 14. Qxc4 g5 15.
Nc3 Nxc3 16. bxc3 Bg7 17. Re1 Qd5 18. Qa4 a6 19. c4 Qc6 20. Qxc6 bxc6 21. Bb2
O-O 22. h3 Rab8 23. Bc3 Rb7 24. Rab1 Rfb8 25. Rxb7 Rxb7 26. Kf1 Kf8 27. Ke2 Ke8
28. Kd3 Kd8 29. h4 g4 30. Nh2 h5 31. Nf1 f6 32. exf6 Bxf6 33. Rxe6 Bxh4 34. g3
Nf8 35. Rh6 Bg5 36. Rxh5 Rb1 37. Nh2 Rd1+ 38. Ke2 Rc1 39. Ba5+ 1-0

[Event "X GRAN TORNEO INTERNACIONAL AFICIONADOS S-2300 "]
[Site "Benidorm (Alicante - SPAIN)"]
[Date "2011.12.02"]
[Round "1"]
[Board "1"]
[White "Uran Bermudez, Oliver Kevin"]
[Black "Recuero Guerra, Javier"]
[Result "0-1"]
[WhiteElo "2105"]
[BlackElo "2282"]
[PlyCount "60"]
[EventDate "2011.12.02"]
[EventRounds "10"]
[EventCountry "ESP"]

1. e4 d6 2. Nf3 Nf6 3. Nc3 e5 4. d4 Nbd7 5. Bc4 Be7 6. Ng5 O-O 7. Bxf7+ Rxf7 8.
Ne6 Qe8 9. Nxc7 Qd8 10. Nxa8 b6 11. dxe5 Nxe5 12. Nd5 Nxd5 13. Qxd5 Bf8 14.
Nxb6 Qxb6 15. O-O Bb7 16. Qb3 Qd4 17. Qe3 Qc4 18. c3 Bxe4 19. b3 Qc6 20. f3
Bxf3 21. gxf3 Nxf3+ 22. Rxf3 Rxf3 23. Qe6+ Kh8 24. c4 Qc5+ 25. Kh1 Rf1+ 26. Kg2
Qg1+ 27. Kh3 Rf3+ 28. Kh4 Qxh2+ 29. Kg5 Qg2+ 30. Kh4 Qg3+ 0-1

[Event "X GRAN TORNEO INTERNACIONAL AFICIONADOS S-2300 "]
[Site "Benidorm (Alicante - SPAIN)"]
[Date "2011.12.02"]
[Round "1"]
[Board "1"]
[White "Seletsky, Grigory"]
[Black "Grigoriev, Ivan"]
[Result "1/2-1/2"]
[WhiteElo "2280"]
[BlackElo "2103"]
[PlyCount "70"]
[EventDate "2011.12.02"]
[EventRounds "10"]
[EventCountry "ESP"]

1. e4 c5 2. Nc3 Nc6 3. Bb5 Nd4 4. Bc4 g6 5. Nge2 Bg7 6. O-O e6 7. d3 Ne7 8. Bg5
O-O 9. a4 h6 10. Bh4 Kh7 11. f4 f5 12. Nxd4 cxd4 13. Nb5 d6 14. c3 e5 15. cxd4
exf4 16. Bf2 Nc6 17. Bd5 a6 18. Bxc6 bxc6 19. Nc3 Be6 20. Qd2 Rb8 21. b4 c5 22.
b5 axb5 23. Nxb5 fxe4 24. dxe4 f3 25. Ra3 fxg2 26. Kxg2 Bc4 27. Rc1 Rxf2+ 28.
Kxf2 Qh4+ 29. Kg1 Bxb5 30. axb5 Qxe4 31. Rd3 c4 32. Rxc4 Rxb5 33. Rc7 Rb1+ 34.
Kf2 Qh4+ 35. Kg2 Qe4+ 1/2-1/2

[Event "X GRAN TORNEO INTERNACIONAL AFICIONADOS S-2300 "]
[Site "Benidorm (Alicante - SPAIN)"]
[Date "2011.12.02"]
[Round "1"]
[Board "1"]
[White "Planells Roig, Jose"]
[Black "Gromovs, Sergejs"]
[Result "1/2-1/2"]
[WhiteElo "2098"]
[BlackElo "2275"]
[PlyCount "91"]
[EventDate "2011.12.02"]
[EventRounds "10"]
[EventCountry "ESP"]

1. e4 c5 2. Nf3 d6 3. d4 cxd4 4. Nxd4 Nf6 5. Nc3 a6 6. Nb3 g6 7. f3 Bg7 8. Be3
O-O 9. Qd2 Be6 10. O-O-O Nc6 11. Bh6 b5 12. h4 b4 13. Nd5 Bxd5 14. exd5 Ne5 15.
Bxg7 Kxg7 16. Qxb4 a5 17. Qd4 a4 18. Nd2 Qc7 19. Ne4 Rfc8 20. Bd3 Nxd3+ 21.
Qxd3 Nxd5 22. Rd2 Ra5 23. h5 Qb6 24. h6+ Kg8 25. Qd4 Qxd4 26. Rxd4 a3 27. b3 f5
28. Rc4 Rxc4 29. bxc4 fxe4 30. cxd5 exf3 31. gxf3 Rxd5 32. Re1 Kf7 33. Re3 Ra5
34. Kd2 e5 35. Rc3 g5 36. Rc6 Rd5+ 37. Ke3 Ke6 38. c4 Rd1 39. c5 Kf7 40. cxd6
Ke6 41. Rc7 Re1+ 42. Kf2 Ra1 43. Rxh7 Rxa2+ 44. Ke3 Rb2 45. Ra7 Kxd6 46. Rxa3
1/2-1/2

[Event "X GRAN TORNEO INTERNACIONAL AFICIONADOS S-2300 "]
[Site "Benidorm (Alicante - SPAIN)"]
[Date "2011.12.02"]
[Round "1"]
[Board "1"]
[White "Madina Yadarola, Martin"]
[Black "(*) Silva Rodriguez, Julio"]
[Result "1-0"]
[WhiteElo "2273"]
[BlackElo "2095"]
[PlyCount "65"]
[EventDate "2011.12.02"]
[EventRounds "10"]
[EventCountry "ESP"]

1. b3 e5 2. Bb2 Nc6 3. e3 d5 4. Bb5 Bd6 5. f4 Qe7 6. Nf3 Bg4 7. h3 Bxf3 8. Qxf3
Nf6 9. c4 (9. Nc3 e4 10. Qg3 O-O) 9... e4 10. Qg3 O-O 11. Nc3 g6 12. Bxc6 bxc6
13. Qg5 Rad8 14. Nb5 Nd7 15. Qxe7 Bxe7 16. Nxa7 Nb8 17. Rc1 Bc5 18. Bd4 Bxd4
19. exd4 dxc4 20. Rxc4 Rd6 21. Ke2 Rfd8 22. Rhc1 c5 23. Nb5 Rb6 24. Nc3 cxd4
25. Nxe4 Re6 26. Kf3 Rde8 27. Ng5 Re2 28. Rxd4 R2e7 29. Re4 f5 30. Rxe7 Rxe7
31. Kf2 Na6 32. Rc4 Rd7 33. d4 1-0

[Event "X GRAN TORNEO INTERNACIONAL AFICIONADOS S-2300 "]
[Site "Benidorm (Alicante - SPAIN)"]
[Date "2011.12.02"]
[Round "1"]
[Board "1"]
[White "Martin Alvarez, Inigo"]
[Black "(*) Madurga Lopez, Ignacio"]
[Result "1-0"]
[WhiteElo "2262"]
[BlackElo "2091"]
[PlyCount "35"]
[EventDate "2011.12.02"]
[EventRounds "10"]
[EventCountry "ESP"]

1. e4 c5 2. Nf3 d6 3. d4 cxd4 4. Nxd4 Nf6 5. Nc3 a6 6. Bc4 e6 7. O-O Be7 8. f4
Qc7 9. Bb3 Nc6 10. Kh1 O-O 11. f5 Nxd4 12. Qxd4 Qc5 13. Qd3 Ng4 14. Qg3 Nf6 15.
Bh6 Ne8 16. f6 Bxf6 17. Rxf6 Kh8 18. Be3 1-0

[Event "X GRAN TORNEO INTERNACIONAL AFICIONADOS S-2300 "]
[Site "Benidorm (Alicante - SPAIN)"]
[Date "2011.12.02"]
[Round "1"]
[Board "1"]
[White "Sos, Andreu Eric"]
[Black "Carrascoso Morales, Abel"]
[Result "1/2-1/2"]
[WhiteElo "2070"]
[BlackElo "2256"]
[PlyCount "51"]
[EventDate "2011.12.02"]
[EventRounds "10"]
[EventCountry "ESP"]

1. Nf3 g6 2. c4 Bg7 3. Nc3 Nf6 4. g3 O-O 5. Bg2 d6 6. O-O Nc6 7. d3 e5 8. Rb1
Bf5 9. Bg5 Qd7 10. b4 e4 11. b5 exf3 12. bxc6 fxe2 13. Nxe2 bxc6 14. Nd4 d5 15.
Nxf5 Qxf5 16. Bf4 g5 17. Bxc7 dxc4 18. dxc4 Rac8 19. Rb7 Ne8 20. g4 Qc5 21. Bg3
Qxc4 22. Rxa7 Nf6 23. h3 Nd5 24. Bd6 Rfd8 25. Qf3 Nf4 26. Bxf4 1/2-1/2

[Event "X GRAN TORNEO INTERNACIONAL AFICIONADOS S-2300 "]
[Site "Benidorm (Alicante - SPAIN)"]
[Date "2011.12.02"]
[Round "1"]
[Board "1"]
[White "Codina Tormo, Julia"]
[Black "Tscharotschkin, Michael"]
[Result "0-1"]
[WhiteElo "2033"]
[BlackElo "2202"]
[PlyCount "44"]
[EventDate "2011.12.02"]
[EventRounds "10"]
[EventCountry "ESP"]

1. e4 e6 2. d4 d5 3. Nc3 Bb4 4. a3 Bxc3+ 5. bxc3 dxe4 6. f3 c5 7. Bb5+ Bd7 8.
Bxd7+ Nxd7 9. Nh3 Ngf6 10. O-O O-O 11. Ng5 exf3 12. Qxf3 cxd4 13. cxd4 Qb6 14.
Be3 Qc6 15. Qxc6 bxc6 16. Bf4 c5 17. dxc5 Rfc8 18. Bd6 Nxc5 19. Rab1 Nce4 20.
Nxe4 Nxe4 21. Rbd1 Rxc2 22. Rf3 Rd8 0-1

[Event "X GRAN TORNEO INTERNACIONAL AFICIONADOS S-2300 "]
[Site "Benidorm (Alicante - SPAIN)"]
[Date "2011.12.02"]
[Round "1"]
[Board "1"]
[White "Tocco, Paolo"]
[Black "Rios Garcia, Miguel"]
[Result "0-1"]
[WhiteElo "2165"]
[BlackElo "2006"]
[PlyCount "52"]
[EventDate "2011.12.02"]
[EventRounds "10"]
[EventCountry "ESP"]

1. d4 d5 2. e4 dxe4 3. Nc3 Nf6 4. f3 exf3 5. Nxf3 g6 6. Bc4 Bg7 7. Ne5 O-O 8.
O-O a6 9. g4 Be6 10. Bxe6 fxe6 11. g5 Nd5 12. Rxf8+ Qxf8 13. Qe2 Qf5 14. Bd2
Nf4 15. Qf3 Bxe5 16. dxe5 Nd5 17. Qe2 Nc6 18. Nxd5 exd5 19. Rf1 Qxe5 20. Qf2
Qd4 21. Be3 Qg4+ 22. Kh1 Qe6 23. c3 Rd8 24. Rd1 Qe4+ 25. Kg1 Rf8 26. Qd2 Ne5
0-1

[Event "X GRAN TORNEO INTERNACIONAL AFICIONADOS S-2300 "]
[Site "Benidorm (Alicante - SPAIN)"]
[Date "2011.12.02"]
[Round "1"]
[Board "1"]
[White "Estrada Martinez, Cesar"]
[Black "Fernandez Garcia, Ignacio"]
[Result "1-0"]
[WhiteElo "2132"]
[BlackElo "1908"]
[PlyCount "34"]
[EventDate "2011.12.02"]
[EventRounds "10"]
[EventCountry "ESP"]

1. Nf3 Nc6 2. d4 d5 3. c4 Nf6 4. cxd5 Qxd5 5. Nc3 Qf5 6. e3 e6 7. Bd3 Qh5 8.
O-O h6 9. e4 a6 10. Bf4 Qa5 11. a3 b5 12. d5 Nd8 13. Rc1 Bb7 14. Bxc7 Qxc7 15.
Nxb5 Qb6 16. Nc7+ Ke7 17. d6+ Kd7 1-0

[Event "X GRAN TORNEO INTERNACIONAL AFICIONADOS S-2300 "]
[Site "Benidorm (Alicante - SPAIN)"]
[Date "2011.12.03"]
[Round "2"]
[Board "1"]
[White "Sanchez Aller, Fernando"]
[Black "Monmeneu Chulia, Victor"]
[Result "1-0"]
[WhiteElo "2300"]
[BlackElo "2158"]
[PlyCount "87"]
[EventDate "2011.12.02"]
[EventRounds "10"]
[EventCountry "ESP"]

1. e4 e6 2. d4 d5 3. Nc3 Nf6 4. e5 Nfd7 5. Nce2 c5 6. c3 Nc6 7. Nf3 cxd4 8.
cxd4 Qb6 9. g3 Bb4+ 10. Bd2 f6 11. exf6 Nxf6 12. Bc3 Ne4 13. Bg2 Qa5 14. Qb3
O-O 15. Rd1 Qb5 16. Bxb4 Qxb4+ 17. Nc3 Qxb3 18. axb3 Nd6 19. O-O Bd7 20. Rfe1
Rae8 21. Ne5 Nxe5 22. Rxe5 Rf6 23. h4 Nf7 24. Re3 Nd8 25. Ne2 Nc6 26. f4 h5 27.
Kf2 g6 28. Ng1 Rff8 29. Nf3 Ne7 30. Bh3 Nf5 31. Bxf5 gxf5 32. Ne5 Bb5 33. Rc1
Re7 34. Ng6 Rff7 35. Nxe7+ Rxe7 36. Rc8+ Kg7 37. Rec3 Bc6 38. b4 a6 39. b5 axb5
40. Ra3 Be8 41. Raa8 Kf7 42. Ke3 b4 43. Kd2 Bb5 44. Rh8 1-0

[Event "X GRAN TORNEO INTERNACIONAL AFICIONADOS S-2300 "]
[Site "Benidorm (Alicante - SPAIN)"]
[Date "2011.12.03"]
[Round "2"]
[Board "1"]
[White "Moreno Gracia, Daniel"]
[Black "Z-Varga, Mariano"]
[Result "1/2-1/2"]
[WhiteElo "2298"]
[BlackElo "2143"]
[PlyCount "53"]
[EventDate "2011.12.02"]
[EventRounds "10"]
[EventCountry "ESP"]

1. c4 Nf6 2. Nc3 d5 3. d4 g6 4. Bg5 Ne4 5. Bf4 Nxc3 6. bxc3 Bg7 7. e3 O-O 8.
Nf3 c5 9. Be2 cxd4 10. cxd4 dxc4 11. Bxc4 Nc6 12. O-O Bg4 13. h3 Bxf3 14. Qxf3
e5 15. dxe5 Nxe5 16. Bxe5 Bxe5 17. Rad1 Qe7 18. Rd3 Rad8 19. Bd5 Kg7 20. Rfd1
b6 21. Qe4 Bd6 22. Kf1 f5 23. Qxe7+ Bxe7 24. Ke2 Rf6 25. Bb3 Rfd6 26. Rxd6 Rxd6
27. Rxd6 1/2-1/2

[Event "X GRAN TORNEO INTERNACIONAL AFICIONADOS S-2300 "]
[Site "Benidorm (Alicante - SPAIN)"]
[Date "2011.12.03"]
[Round "2"]
[Board "1"]
[White "Quimi, Marco"]
[Black "Navarro, Ortiz De Ortuno Borja"]
[Result "0-1"]
[WhiteElo "2163"]
[BlackElo "2296"]
[PlyCount "130"]
[EventDate "2011.12.02"]
[EventRounds "10"]
[EventCountry "ESP"]

1. e4 e6 2. d4 d5 3. e5 c5 4. c3 Qb6 5. Nf3 Nc6 6. a3 c4 7. Nbd2 Na5 8. g3 Bd7
9. Bg2 O-O-O 10. O-O h6 11. h4 Ne7 12. Re1 Kb8 13. Rb1 Qc7 14. Nf1 Nc8 15. Bf4
Nb6 16. Ne3 Ka8 17. Qe2 Be7 18. Nf5 exf5 19. e6 Bd6 20. Bxd6 Qxd6 21. exd7 Nc6
22. Ne5 Nxe5 23. Qxe5 Qxe5 24. Rxe5 Rxd7 25. Rxf5 Re8 26. Re5 Rxe5 27. dxe5 d4
28. cxd4 Rxd4 29. b3 Kb8 30. bxc4 Rxc4 31. Rb3 Rc1+ 32. Kh2 Rc7 33. f4 Rd7 34.
h5 Na4 35. Kh3 Nc5 36. Re3 Kc7 37. Bf1 a6 38. Bc4 b5 39. Ba2 a5 40. f5 b4 41.
axb4 axb4 42. Bc4 Kc6 43. e6 fxe6 44. fxe6 Re7 45. Kg4 Kd6 46. Kf5 Rb7 47. Kg6
Re7 48. Kf5 Rb7 49. Re1 b3 50. Rd1+ Ke7 51. Kg6 b2 52. Ba2 Ra7 53. Bb1 Nxe6 54.
Rd2 Rb7 55. Rd1 Rb5 56. Bf5 Nf8+ 57. Kxg7 Rxf5 58. Kxh6 Rb5 59. Rb1 Kf7 60. g4
Ne6 61. Kh7 Ng5+ 62. Kh6 Ne4 63. g5 Nxg5 64. Rf1+ Ke7 65. Rb1 Ne6 0-1

[Event "X GRAN TORNEO INTERNACIONAL AFICIONADOS S-2300 "]
[Site "Benidorm (Alicante - SPAIN)"]
[Date "2011.12.03"]
[Round "2"]
[Board "1"]
[White "Martinez Tormo, Jorge"]
[Black "Voiteanu, Gabriel"]
[Result "0-1"]
[WhiteElo "2162"]
[BlackElo "2293"]
[PlyCount "109"]
[EventDate "2011.12.02"]
[EventRounds "10"]
[EventCountry "ESP"]

1. e4 d5 2. exd5 Qxd5 3. c4 Qa5 4. Nc3 Nf6 5. d4 Ne4 6. Qc2 Nxc3 7. bxc3 Nc6 8.
Bd2 Bf5 9. Bd3 g6 10. Ne2 Bg7 11. Rb1 Nd8 12. O-O O-O 13. Bxf5 Qxf5 14. Qxf5
gxf5 15. Ng3 e6 16. Rfe1 b6 17. Bf4 Nb7 18. Re3 Nd6 19. Nh5 Ne4 20. Rh3 Rfd8
21. Re1 Bh8 22. Bh6 f6 23. Rhe3 e5 24. Rf3 exd4 25. cxd4 Rxd4 26. Rxf5 Nd6 27.
Rf4 f5 28. g3 Kf7 29. Rxd4 Bxd4 30. Nf4 Nxc4 31. Nd5 Be5 32. Bf4 Bxf4 33. Re7+
Kf8 34. gxf4 Rd8 35. Rxc7 Rxd5 36. Rxc4 Ra5 37. Rc2 Ra3 38. Kg2 Ke7 39. Rc7+
Kd6 40. Rxh7 Rxa2 41. h4 a5 42. Rh6+ Kc7 43. Rf6 Rd2 44. h5 a4 45. Rf7+ Kc6 46.
h6 b5 47. Rf6+ Kc5 48. Rxf5+ Kc4 49. Rh5 Rd8 50. h7 Rh8 51. Kf3 a3 52. f5 a2
53. Rh1 b4 54. f6 b3 55. f7 0-1

[Event "X GRAN TORNEO INTERNACIONAL AFICIONADOS S-2300 "]
[Site "Benidorm (Alicante - SPAIN)"]
[Date "2011.12.03"]
[Round "2"]
[Board "1"]
[White "Garcia Trobat, Francisco"]
[Black "Lacrosse, Marc"]
[Result "1/2-1/2"]
[WhiteElo "2291"]
[BlackElo "2141"]
[PlyCount "96"]
[EventDate "2011.12.02"]
[EventRounds "10"]
[EventCountry "ESP"]

1. d4 Nf6 2. c4 e6 3. Nf3 d5 4. Nc3 c6 5. Bg5 Nbd7 6. cxd5 exd5 7. e3 Be7 8.
Bd3 O-O 9. Qc2 Re8 10. O-O Nf8 11. Rab1 a5 12. a3 Ng6 13. b4 axb4 14. axb4 Bd6
15. b5 h6 16. bxc6 bxc6 17. Bxg6 hxg5 18. Bf5 g4 19. Ng5 Bxf5 20. Qxf5 g6 21.
Qc2 Kg7 22. f4 Rxe3 23. Nd1 Re8 24. g3 Qd7 25. Nf2 Rac8 26. Nd3 Qf5 27. Rb7 Re7
28. Rxe7 Bxe7 29. Qe2 Ne4 30. Ne5 f6 31. Nxe4 Qxe4 32. Qxe4 dxe4 33. Nxg4 Rd8
34. Rc1 Rxd4 35. Rxc6 f5 36. Ne5 Rd6 37. Rc7 Kf8 38. g4 fxg4 39. Nxg4 Bf6 40.
Kg2 Bd4 41. h4 Ra6 42. Ne5 Bxe5 43. fxe5 Ra5 44. Kg3 Rxe5 45. Kf4 Re6 46. Ke3
Kg8 47. Ra7 Kh8 48. Rb7 Kg8 1/2-1/2

[Event "X GRAN TORNEO INTERNACIONAL AFICIONADOS S-2300 "]
[Site "Benidorm (Alicante - SPAIN)"]
[Date "2011.12.03"]
[Round "2"]
[Board "1"]
[White "Lillo Castay, Victor"]
[Black "Arboledas Fernandez, Antonio A"]
[Result "1-0"]
[WhiteElo "2289"]
[BlackElo "2137"]
[PlyCount "71"]
[EventDate "2011.12.02"]
[EventRounds "10"]
[EventCountry "ESP"]

1. e4 e6 2. d4 d5 3. Nd2 Nf6 4. e5 Nfd7 5. Bd3 c5 6. c3 Nc6 7. Ngf3 Be7 8. O-O
Qb6 9. Re1 cxd4 10. cxd4 Nxd4 11. Nxd4 Qxd4 12. Nb3 Qa4 13. Bc2 Qa6 14. Qg4 g6
15. Bh6 Nb6 16. Qh3 Bd7 17. Rac1 Nc4 18. Bd3 b5 19. Bg7 Rg8 20. Qxh7 O-O-O 21.
Nd4 Qb6 22. Nf3 Kb8 23. b3 Na5 24. Bf6 Bxf6 25. exf6 Rdf8 26. Ne5 Be8 27. Qh4
Qd6 28. Qf4 Nb7 29. a4 g5 30. Qd4 bxa4 31. bxa4 Qb6 32. Qc3 Bxa4 33. Rb1 Rc8
34. Qa3 Qd4 35. Rb4 Rc3 36. Qxa4 1-0

[Event "X GRAN TORNEO INTERNACIONAL AFICIONADOS S-2300 "]
[Site "Benidorm (Alicante - SPAIN)"]
[Date "2011.12.03"]
[Round "2"]
[Board "1"]
[White "(*) Montoliu Cervero, Francisco"]
[Black "Z-Gomez Jurado, Luis Alberto"]
[Result "1-0"]
[WhiteElo "2159"]
[BlackElo "2288"]
[PlyCount "97"]
[EventDate "2011.12.02"]
[EventRounds "10"]
[EventCountry "ESP"]

1. e4 c6 2. d4 d5 3. Nc3 dxe4 4. Nxe4 Bf5 5. Ng3 Bg6 6. Nf3 Nd7 7. h4 h6 8. h5
Bh7 9. Bd3 Bxd3 10. Qxd3 e6 11. Bd2 Qc7 12. O-O-O Ngf6 13. Qe2 Be7 14. Ne5 O-O
15. Ng6 Rfe8 16. Nxe7+ Rxe7 17. Ne4 Nxe4 18. Qxe4 Nf6 19. Qf3 Nh7 20. g4 Qd7
21. Kb1 Qd5 22. Qg3 Rd7 23. Bc1 Rad8 24. f4 c5 25. g5 hxg5 26. fxg5 cxd4 27. g6
Nf8 28. Bg5 Rc8 29. h6 Nxg6 30. Rdf1 gxh6 31. Rxh6 Qe4 32. Rfh1 f6 33. Qh2 Rg7
34. Bxf6 Rgc7 35. Rxg6+ Qxg6 36. Rg1 Qxg1+ 37. Qxg1+ Kf7 38. Bxd4 Rxc2 39. Qg7+
Ke8 40. Qg8+ Kd7 41. Qh7+ Kd6 42. Qxc2 Rxc2 43. Kxc2 a6 44. Kd3 Kd5 45. b3 b5
46. Bc3 Kc5 47. a3 Kd5 48. Ke3 e5 49. Kd3 1-0